00230nam a2200085Ia 4500008004100000100002000041245002600061260003700087650002000124190216s9999||||xx |||||||||||||| ||und|| aMadava Panikker 0aBhramandathinde Katha bKerala Sasthra Sahithya Parishad aEssay Malayalam